000 02445nam a2200421 c 4500
003 BLK
005 20180420223941.0
008 180408b bul|||||r ||||||| ||bul||
010 _aKNG00077308000
020 _a978-954-377-005-2
_bиздат.: АСПРО
040 _aBLK
041 _aBUL
_cBUL
072 7 _2bullib
_aЕ
_xКартотека "Европейски съюз"
080 _aЕвропейски съюз (икон. аспекти)
_b339.923:061.1ЕС
_x
_z339.923:061.1ЕС
080 _aЕвропейски съюз - политически аспекти
_b327.7:061.1ЕС
_x
_z327.7:061.1ЕС
700 1 _aИванов, Благой
_eсъстав.
_9267837
139 _aИнформационен справочник за правилата, процедурите и реда за предоставяне на безвъзмездна финансова помощ по оперативните програми, съфинансирани от Структурните фондове и Кохезионния фонд на Европейския съюз и по Програма ФАР на Европейския съюз
_bИ 73
245 1 0 _aИнформационен справочник за правилата, процедурите и реда за предоставяне на безвъзмездна финансова помощ по оперативните програми, съфинансирани от Структурните фондове и Кохезионния фонд на Европейския съюз и по Програма ФАР на Европейския съюз
_cсъстав. Благой Иванов.
257 _aBGR
260 София
_bАСПРО
_c2007
_fСофия : Симолини
300 _a312 с.
_c23 см
_eCD
380 _a3
500 _aОфс. изд. - CD със същото загл. със сигн. 1311.
650 4 _aЕвропейски съюз - програми
_9274379
651 4 _aЕвропейски съюз
_9258188
653 _aфинансиране
653 _aпрограми
653 _aСтруктурни фондове
653 _aПрограма ФАР
653 _aКохезионен фонд
653 _aЕвропейски съюз
659 _aЕ
852 _aЦб 235413
856 4 _qpdf
_u
856 4 _qpdf
_u
942 _cKNG
_n0
944 _aCR
_c13.08.2007
_kКети_Илиева
944 _aED
_c26.11.2012
_k
999 _c72929
_d72929